Statistics for Musical Acts by Letter - J

Click here to take the quiz!

General Stats

  • This quiz has been taken 46,424 times
    (10,082 since last reset)
  • The average score is 12 of 20

Answer Stats

Years ActiveCountrySongsBand or Artist% Correct
2002 -SexyBack | Can't Stop the Feeling!Justin Timberlake
93%
2010 -Baby | What Do You Mean?Justin Bieber
87%
1968 - 1980Imagine | (Just Like) Starting OverJohn Lennon
86%
1969 - 1989
2012 -
ABC | I Want You BackThe Jackson 5
82%
1975 -Don't Stop Believin' | Any Way You Want ItJourney
79%
1955 - 2003I Walk the Line | Ring of FireJohnny Cash
78%
1999 -Jenny from the Block | Love Don't Cost a ThingJennifer Lopez
76%
1996 -Empire State of Mind | Dirt Off Your ShoulderJay-Z
68%
1965 - 1970Purple Haze | Voodoo Child (Slight Return)Jimi Hendrix
65%
2004 -All of Me | Green LightJohn Legend
63%
1969 - 1997Rocky Mountain High | Take Me Home, Country RoadsJohn Denver
62%
1980 -I Love Rock 'N Roll | Cherry BombJoan Jett
56%
1958 - 2003I Got You (I Feel Good) | Sex MachineJames Brown
52%
1967 - 1970Piece of My Heart | Me and Bobby McGeeJanis Joplin
50%
1958 -Great Balls of Fire | Whole Lot of Shakin' Going OnJerry Lee Lewis
46%
1976 -Jack & Diane | Hurts So GoodJohn Mellencamp
43%
2001 -Your Body is a Wonderland | New LightJohn Mayer
41%
1966 - 1972White Rabbit | Somebody to LoveJefferson Airplane
39%
1970 -Margaritaville | Cheeseburger in ParadiseJimmy Buffett
38%
1966 - 1973Bad, Bad Leroy Brown | Time In a BottleJim Croce
27%

Score Distribution

Percentile by Number Answered

Percent of People with Each Score

Your Score History

You have not taken this quiz since the last reset